| 000 | 00629nam a2200181Ia 4500 | ||
|---|---|---|---|
| 999 |
_c13716 _d13716 |
||
| 082 | _aTR.0358 | ||
| 100 | _aRao, K. Srinivasa | ||
| 245 | 0 | _aEquity culture in indian capital market: a study with special reference to Andhra Pradesh | |
| 260 |
_c2003 _bAndhra University, Visakhapatnam |
||
| 300 | _a469 | ||
| 504 | _aincludes appendices and bibliography | ||
| 650 |
_aCapital market _vIndia _vAndhra Pradesh |
||
| 650 |
_aInfrastructure (Economics) _vIndia _vAndhra Pradesh |
||
| 650 |
_aStocks _vIndia _vAndhra Pradesh |
||
| 650 |
_aStock exchanges _vIndia _vAndhra Pradesh |
||
| 710 | _aRao, J.V. Prabhakara | ||
| 942 |
_cTH _2ddc |
||